Państwa, w których liczba ludności spadła najbardziej w 2024r. - Statystyki

Ogólne statystyki
  • Ten quiz został rozwiązany 28 razy
  • Średni wynik to 13 z 20
Statystyki odpowiedzi
Spadek liczby ludności Kontynent Kraj % Poprawnych
-620.077 Europa/Azja Rosja
96%
-3.263.655 Azja Chiny
92%
-58.984 Europa Białoruś
88%
-617.906 Azja Japonia
88%
-223.643 Europa Polska
88%
-103.391 Europa Rumunia
84%
-20.698 Europa Chorwacja
80%
-195.091 Europa Grecja
76%
-31.149 Azja Korea Południowa
76%
-73.857 Europa Czechy
72%
-156.586 Europa Włochy
72%
-36.985 Europa Serbia
68%
-38.114 Europa Bułgaria
60%
-19.890 Europa Albania
52%
-32.109 Europa Mołdawia
48%
-20.820 Europa Bośnia i Hercegowina
44%
-103.183 Azja Tajwan
36%
-34.424 Azja Tajlandia
32%
-40.148 Ameryka Północna Kuba
28%
-43.560 Azja Nepal
12%
Nie znaleziono quizów pasujących do podanych kryteriów
Rozkład punktacji
Procent ludzi z każdym wynikiem
Percentyl według liczby udzielonych odpowiedzi
Twoja historia wyników
Nie rozwiązałeś tego quizu